Rozporné začiatky prvého hypermarketu

Otvorenie prvého hypermarketu Tesco na Slovensku. Výsledky prieskumu návštevnosti a spokojnosti či nespokojnosti zákazníkov v deň jeho otvorenia. Maloobchodné značky v hypermarkete Tesco. Sortiment tovaru predovšetkým od zahraničných výrobcov.

Saved in:
Bibliographic Details
Main Author: Hinková-Dibarborová, Andrea
Format: Book Chapter
Language:Slovak
Subjects:
Tags: Add Tag
No Tags, Be the first to tag this record!

MARC

LEADER 00000naa a2200000 4500
001 r035912
005 20230929113003.9
041 0 |a slo 
044 |a SK 
245 1 0 |a Rozporné začiatky prvého hypermarketu  |c Andrea Hinková 
520 |a Otvorenie prvého hypermarketu Tesco na Slovensku. Výsledky prieskumu návštevnosti a spokojnosti či nespokojnosti zákazníkov v deň jeho otvorenia. Maloobchodné značky v hypermarkete Tesco. Sortiment tovaru predovšetkým od zahraničných výrobcov. 
610 2 0 |a hypermarkety 
610 2 0 |a Tesco 
610 2 0 |a maloobchod 
610 2 0 |a predajne 
610 2 0 |a sortiment tovaru 
610 2 0 |a zákazníci 
610 2 0 |a údaje štatistické 
610 2 0 |a výrobky značkové 
610 2 0 |a potraviny 
610 2 0 |a obsluha 
610 2 0 |a spokojnosť zákazníkov 
100 1 |a Hinková-Dibarborová, Andrea